| 000 | 01586nam a2200361 i 4500 | ||
|---|---|---|---|
| 001 | 50409 | ||
| 003 | Mx-PuUPA | ||
| 005 | 20260127151626.0 | ||
| 008 | 140415s2020 ck a gr 001 0 spa d | ||
| 020 | _a9789587224375 | ||
| 040 |
_cMx-PuUPA _aMx-PuUPA _bspa _dMx-PuUPA _erda |
||
| 041 | 0 | _aspa | |
| 100 | 1 |
_aSalazar Marín, Edgar Alonso, _eautor _917753 |
|
| 245 | 1 | 0 |
_aEstandarización, intercambiabilidad y metrología dimensional / _cEdgar Alonso Salazar Marín, Carlos Alberto Romero Piedrahita, Gabriel Calle Trujillo |
| 264 | 1 |
_aPereira, Colombia : _bUniversidad Tecnológica de Pereira, _c2020 |
|
| 300 |
_a288 páginas : _bilustraciones (principalmente blanco y negro) ; _c24 cm |
||
| 336 |
_2rdacontent _atexto _btxt |
||
| 337 |
_2rdamedia _asin medio _bn |
||
| 338 |
_2rdacarrier _avolumen _bnc |
||
| 650 | 7 |
_2armarc _aIngeniería de manufactura |
|
| 650 | 7 |
_2armarc _aMetrología dimensional |
|
| 650 | 7 |
_2armarc _aConfiabilidad (Ingeniería) |
|
| 650 | 7 |
_2armarc _aTolerancia (Ingeniería) |
|
| 650 | 7 |
_2armarc _aProcesos de manufactura |
|
| 650 | 7 |
_2armarc _aEstandarización (Ingeniería) |
|
| 700 | 1 |
_aRomero Piedrahita, Carlos Alberto, _eautor |
|
| 700 | 1 |
_aCalle Trujillo, Gabriel, _eautor |
|
| 942 |
_2ddc _cLI _h620.0044 _iS55 |
||
| 999 |
_c50409 _d50409 |
||